Statistics for guess my name

Click here to take the quiz!

General Stats

  • This quiz has been taken 34 times
  • The average score is 13 of 15

Answer Stats

HintAnswer% Correct
guessa
100%
guesse
92%
guesso
92%
guessr
88%
guessb
85%
guessg
85%
guessl
85%
guesst
85%
guessn
81%
guessp
81%
guessw
81%
guessw
81%
guessm
77%
guessq
77%
guessf
73%

Score Distribution

Percentile by Number Answered

Percent of People with Each Score

Your Score History

You have not taken this quiz